000 00472nam a2200157 i 4500
001 79234
003 ES-MaACL
007 t|
008 041020s1929 sp ||||1| spa d
100 1 _aHergesheimer, Joseph.
_962710
245 1 0 _aTampico
_b: novela /
_cJosé Hergesheimer ; traducción del inglés por Manuel Pumarega.
260 _aMadrid :
_b[s.n.,
_c1929] (
_fArgis)
300 _a324 p. ;
_c19 cm.
700 1 _aPumarega, Manuel.
_994395
852 _aES-MaACL
_jB-3646
999 _c79234
_d79234